[Event "Tula CC-ch"]
[Site "Tula"]
[Date "2006.10.03"]
[Round "9"]
[White "Rodionov, Alexander"]
[Black "Semenov, Nikolai"]
[Result "0-1"]
[WhiteElo "2153"]
[BlackElo "2114"]
[PlyCount "82"]
[EventDate "2006.09.19"]
[EventType "swiss"]
[EventRounds "9"]
[EventCountry "RUS"]
[SourceTitle "EXT 2010"]
[Source "ChessBase"]
[SourceDate "2010.11.25"]
[SourceVersion "1"]
[SourceVersionDate "2010.11.25"]
[SourceQuality "1"]

1. e4 c5 2. Nc3 d6 3. g3 Nc6 4. Bg2 Nf6 5. d3 Nd4 6. h3 Bd7 7. f4 e5 8. Nf3 Qc7 9. Be3 b5 10. 0-0 b4 11. Nd5 Nxd5 12. exd5 Nf5 13. Bf2 exf4 14. gxf4 Be7 15. Re1 0-0 16. Kh2 Bf6 17. Rb1 Qa5 18. d4 c4 19. Ne5 dxe5 20. dxe5 Bh4 21. Bxh4 Nxh4 22. Bh1 Qc5 23. Re2 g6 24. e6 fxe6 25. dxe6 Bc6 26. Qe1 Nf5 27. Re5 Qb6 28. e7 Rfe8 29. Rxf5 Bxh1 30. Rf8+ Rxf8 31. exf8Q+ Rxf8 32. Kxh1 Qc6+ 33. Kh2 Rxf4 34. Rd1 Qf3 35. Rd2 Re4 36. Qf2 Qxf2+ 37. Rxf2 Re3 38. Kg2 c3 39. bxc3 Rxc3 40. Rf4 Rxc2+ 41. Kg3 a5 0-1

[Event "Tula CC-ch"]
[Site "Tula"]
[Date "2006.09.30"]
[Round "8"]
[White "Kobzev, Dmitri"]
[Black "Rodionov, Alexander"]
[Result "0-1"]
[WhiteElo "2094"]
[BlackElo "2153"]
[PlyCount "62"]
[EventDate "2006.09.19"]
[EventType "swiss"]
[EventRounds "9"]
[EventCountry "RUS"]
[SourceTitle "EXT 2010"]
[Source "ChessBase"]
[SourceDate "2010.11.25"]
[SourceVersion "1"]
[SourceVersionDate "2010.11.25"]
[SourceQuality "1"]

1. e4 e5 2. Nf3 Nc6 3. Bc4 Nf6 4. d3 Be7 5. c3 0-0 6. 0-0 d5 7. exd5 Nxd5 8. Re1 Bg4 9. Nbd2 Kh8 10. h3 Bh5 11. Ne4 f6 12. Ng3 Bf7 13. Nf5 Bc5 14. Re4 Nce7 15. g4 Ng6 16. Bxd5 Bxd5 17. Re1 Bc6 18. Be3 Bb6 19. Bxb6 axb6 20. Re3 Qd5 21. a3 Rfd8 22. d4 exd4 23. Qxd4 Qb3 24. Qb4 Rd1+ 25. Rxd1 Qxd1+ 26. Ne1 Ra4 27. Ne7 Rxb4 28. Nxc6 Rxg4+ 29. hxg4 Qxg4+ 30. Kf1 Qc4+ 31. Rd3 bxc6 0-1

[Event "Tula CC-ch"]
[Site "Tula"]
[Date "2006.09.29"]
[Round "7"]
[White "Rodionov, Alexander"]
[Black "Lisutin, Dmitri"]
[Result "1-0"]
[WhiteElo "2153"]
[BlackElo "1958"]
[PlyCount "65"]
[EventDate "2006.09.19"]
[EventType "swiss"]
[EventRounds "9"]
[EventCountry "RUS"]
[SourceTitle "EXT 2010"]
[Source "ChessBase"]
[SourceDate "2010.11.25"]
[SourceVersion "1"]
[SourceVersionDate "2010.11.25"]
[SourceQuality "1"]

1. e4 c6 2. d4 d5 3. Nc3 dxe4 4. Nxe4 Bf5 5. Ng3 Bg6 6. h4 h6 7. Nf3 Nf6 8. Ne5 Bh7 9. Bc4 e6 10. Qe2 Nd5 11. Nh5 Nd7 12. Bxd5 cxd5 13. Nxd7 Qxd7 14. Bxh6 Bxc2 15. Bxg7 Rxh5 16. Bxf8 Bg6 17. Bg7 Qe7 18. Qb5+ Qd7 19. Qc5 Qe7 20. Qxe7+ Kxe7 21. Rc1 Kd7 22. Be5 Rc8 23. Rxc8 Kxc8 24. f3 f5 25. g4 fxg4 26. fxg4 Be4 27. Rh2 Rh7 28. h5 Bf3 29. Rh4 Kd7 30. Kf2 Bxg4 31. Rxg4 Rxh5 32. Ke3 Rh1 33. Kd3 1-0

[Event "Tula Region-ch sf"]
[Site "Tula "]
[Date "2006.??.??"]
[Round "3"]
[White "Kazakov, Nikolay"]
[Black "Rodionov, Alexander"]
[Result "1/2-1/2"]
[WhiteElo "1943"]
[BlackElo "2153"]
[PlyCount "86"]
[EventDate "2006.??.??"]
[EventType "swiss"]
[EventRounds "9"]
[EventCountry "RUS"]
[SourceTitle "EXT 2008"]
[Source "ChessBase"]
[SourceDate "2007.11.25"]
[SourceVersion "1"]
[SourceVersionDate "2007.11.25"]
[SourceQuality "1"]

1. c4 f5 2. d4 Nf6 3. Nc3 e6 4. Nf3 c6 5. Bg5 Be7 6. e3 d5 7. Ne5 0-0 8. Be2 Nbd7 9. 0-0 Qe8 10. Rc1 Bd6 11. f4 Kh8 12. c5 Be7 13. b4 a6 14. a4 Ne4 15. Nxe4 fxe4 16. Bh5 g6 17. Bxg6 hxg6 18. Bxe7 Nxe5 19. Bxf8 Nd3 20. Bd6 Nxc1 21. Be5+ Kg8 22. Qxc1 Qf7 23. Qd1 Qf5 24. g4 Qf7 25. Rf2 Bd7 26. Qf1 Qh7 27. Rg2 Qh3 28. Qf2 Rf8 29. Rg3 Qh4 30. Kg2 Rf7 31. Qe2 Rh7 32. h3 Qe7 33. Qe1 Qd8 34. a5 Qe7 35. g5 Rh5 36. Rg4 Qh7 37. Qg3 Be8 38. h4 Qf7 39. Qe1 Bd7 40. Kg3 Be8 41. Qc3 Bd7 42. Kh3 Be8 43. Qa3 Bd7 1/2-1/2

[Event "Tula Region-ch sf"]
[Site "Tula "]
[Date "2006.??.??"]
[Round "6"]
[White "Rodionov, Alexander"]
[Black "Kramorev, Yuri"]
[Result "1-0"]
[WhiteElo "2153"]
[BlackElo "1965"]
[PlyCount "51"]
[EventDate "2006.??.??"]
[EventType "swiss"]
[EventRounds "9"]
[EventCountry "RUS"]
[SourceTitle "EXT 2008"]
[Source "ChessBase"]
[SourceDate "2007.11.25"]
[SourceVersion "1"]
[SourceVersionDate "2007.11.25"]
[SourceQuality "1"]

1. e4 e5 2. Nf3 Nc6 3. Bb5 a6 4. Ba4 Nf6 5. 0-0 Be7 6. Re1 b5 7. Bb3 0-0 8. c3 d5 9. exd5 Nxd5 10. Nxe5 Nxe5 11. Rxe5 c6 12. d4 Bd6 13. Re1 Qh4 14. g3 Qh3 15. Be3 Bg4 16. Qd3 f5 17. Qf1 Qh5 18. f4 Rae8 19. Nd2 g5 20. Qg2 Bh3 21. Bxd5+ Kg7 22. Bf3 g4 23. Qf2 gxf3 24. Qxf3 Qxf3 25. Nxf3 Rc8 26. Ng5 1-0

[Event "Tula Region-ch sf"]
[Site "Tula "]
[Date "2006.??.??"]
[Round "9"]
[White "Tanaev, Viktor"]
[Black "Rodionov, Alexander"]
[Result "1/2-1/2"]
[WhiteElo "2087"]
[BlackElo "2153"]
[PlyCount "83"]
[EventDate "2006.??.??"]
[EventType "swiss"]
[EventRounds "9"]
[EventCountry "RUS"]
[SourceTitle "EXT 2008"]
[Source "ChessBase"]
[SourceDate "2007.11.25"]
[SourceVersion "1"]
[SourceVersionDate "2007.11.25"]
[SourceQuality "1"]

1. e4 e5 2. Nf3 Nc6 3. d4 exd4 4. Nxd4 Bc5 5. Be3 Qf6 6. c3 Nge7 7. Qd2 Bb6 8. Bc4 0-0 9. 0-0 Qg6 10. Bd3 Ne5 11. f3 d5 12. Bc2 Nc4 13. Qe2 Nxe3 14. Qxe3 Re8 15. Na3 dxe4 16. fxe4 a6 17. Kh1 f5 18. Bb3+ Kh8 19. Qf3 Bxd4 20. cxd4 fxe4 21. Qf4 e3 22. Bf7 e2 23. Bxg6 exf1Q+ 24. Rxf1 Nxg6 25. Qxc7 Bf5 26. h3 Be4 27. Qg3 Bc6 28. Nc2 Re7 29. Ne3 Rae8 30. Ng4 Re4 31. Ne5 Nxe5 32. dxe5 Kg8 33. Qb3+ Kh8 34. Qf7 Rg8 35. e6 Bd5 36. Qf5 Bc6 37. Rf2 h6 38. Kh2 Re8 39. Rf3 R4xe6 40. Rg3 Be4 41. Qc5 Bc6 42. Qd4 1/2-1/2

[Event "Tula Region-ch sf"]
[Site "Tula "]
[Date "2006.??.??"]
[Round "7"]
[White "Tuzinskiy, Denis Vasilievich"]
[Black "Rodionov, Alexander"]
[Result "1-0"]
[WhiteElo "2128"]
[BlackElo "2153"]
[PlyCount "65"]
[EventDate "2006.??.??"]
[EventType "swiss"]
[EventRounds "9"]
[EventCountry "RUS"]
[SourceTitle "EXT 2008"]
[Source "ChessBase"]
[SourceDate "2007.11.25"]
[SourceVersion "1"]
[SourceVersionDate "2007.11.25"]
[SourceQuality "1"]

1. d4 d5 2. c4 e6 3. Nc3 c6 4. Nf3 f5 5. e3 Nf6 6. Be2 Bd6 7. 0-0 0-0 8. c5 Bc7 9. b4 Nbd7 10. Ng5 Qe8 11. f4 a6 12. a4 Ne4 13. Ngxe4 dxe4 14. Bd2 Nf6 15. Qb3 Nd5 16. b5 axb5 17. axb5 Rxa1 18. Rxa1 g5 19. Nxd5 exd5 20. fxg5 f4 21. exf4 Bxf4 22. Bxf4 Rxf4 23. bxc6 bxc6 24. Qg3 Rf8 25. Ra7 e3 26. Qc7 Qg6 27. h4 Qf7 28. Qxf7+ Rxf7 29. Rxf7 Kxf7 30. g4 Ke7 31. Kg2 Bd7 32. Kf3 Ke6 33. Kxe3 1-0

[Event "Tula Region-ch"]
[Site "Tula"]
[Date "2005.08.10"]
[Round "6"]
[White "Makhianov, Vadim"]
[Black "Rodionov, Alexander"]
[Result "1-0"]
[WhiteElo "2201"]
[BlackElo "2195"]
[PlyCount "127"]
[EventDate "2005.08.05"]
[EventType "swiss"]
[EventRounds "9"]
[EventCountry "RUS"]
[SourceTitle "EXT 2006"]
[Source "ChessBase"]
[SourceDate "2005.11.24"]
[SourceVersion "1"]
[SourceVersionDate "2005.11.24"]
[SourceQuality "1"]

1. d4 e6 2. c4 f5 3. g3 Nf6 4. Bg2 Be7 5. Nf3 0-0 6. 0-0 c6 7. b3 d6 8. Qc2 Nbd7 9. Bb2 Qe8 10. Nbd2 d5 11. Ne1 g5 12. Nd3 Qh5 13. Nf3 Kh8 14. Qc1 Rg8 15. Ba3 Bxa3 16. Qxa3 Ng4 17. h3 Nh6 18. Nfe5 Nxe5 19. Nxe5 g4 20. h4 f4 21. Qe7 Qf5 22. e4 dxe4 23. Bxe4 Qxe4 24. Qf6+ Rg7 25. Rae1 Qf5 26. Qxh6 Bd7 27. Qxf4 Qxf4 28. gxf4 Rag8 29. Kh2 Be8 30. Kg3 Bg6 31. Re3 Bf5 32. h5 Rd8 33. Rd1 h6 34. Rd2 Kg8 35. c5 Kf8 36. Nc4 Ke7 37. Nd6 Rxd6 38. cxd6+ Kxd6 39. Re5 Rd7 40. Kg2 Kc7 41. Kf1 Rg7 42. Re3 Kb6 43. Ke2 Ka5 44. a3 Kb6 45. Rg3 Rd7 46. Re3 Rd5 47. Kd1 Ra5 48. b4 Rd5 49. Kc1 Rd7 50. Kb2 Kb5 51. Re1 Kb6 52. Rdd1 Rg7 53. Rg1 Rd7 54. Kc3 Kc7 55. Rg3 Kb6 56. Rdd3 a5 57. f3 gxf3 58. Rdxf3 axb4+ 59. axb4 Rd8 60. Kc4 Kc7 61. Ra3 b5+ 62. Kc3 Rd5 63. Ra7+ Kb6 64. Rgg7 1-0

[Event "Tula Region-ch"]
[Site "Tula"]
[Date "2005.08.07"]
[Round "3"]
[White "Rodionov, Alexander"]
[Black "Tanaev, Viktor"]
[Result "1/2-1/2"]
[WhiteElo "2195"]
[BlackElo "2117"]
[PlyCount "72"]
[EventDate "2005.08.05"]
[EventType "swiss"]
[EventRounds "9"]
[EventCountry "RUS"]
[SourceTitle "EXT 2006"]
[Source "ChessBase"]
[SourceDate "2005.11.24"]
[SourceVersion "1"]
[SourceVersionDate "2005.11.24"]
[SourceQuality "1"]

1. e4 c5 2. Nc3 Nc6 3. g3 g6 4. Bg2 Bg7 5. d3 e6 6. Be3 d6 7. Qd2 a6 8. Nge2 Bd7 9. Nd1 Qc7 10. c3 Rd8 11. 0-0 Nf6 12. Bh6 0-0 13. h4 Ng4 14. Bxg7 Kxg7 15. h5 e5 16. f3 Nh6 17. f4 f5 18. Ne3 Ne7 19. d4 fxe4 20. Bxe4 Bh3 21. Rf2 d5 22. Rh2 dxe4 23. Rxh3 exd4 24. Nc4 Qd7 25. Rh1 e3 26. Qd3 Ng4 27. cxd4 cxd4 28. Ne5 Nxe5 29. fxe5 Qg4 30. Rh4 Qf3 31. h6+ Kh8 32. Rc1 Qf2+ 33. Kh1 Nc6 34. e6 Qf3+ 35. Kg1 Qf2+ 36. Kh1 Qf3+ 1/2-1/2

[Event "Tula Region-ch"]
[Site "Tula"]
[Date "2005.08.05"]
[Round "1"]
[White "Rodionov, Alexander"]
[Black "Krivobokov, Sergei"]
[Result "0-1"]
[WhiteElo "2195"]
[BlackElo "2149"]
[PlyCount "77"]
[EventDate "2005.08.05"]
[EventType "swiss"]
[EventRounds "9"]
[EventCountry "RUS"]
[SourceTitle "EXT 2006"]
[Source "ChessBase"]
[SourceDate "2005.11.24"]
[SourceVersion "1"]
[SourceVersionDate "2005.11.24"]
[SourceQuality "1"]

1. e4 c6 2. d4 d5 3. Nc3 dxe4 4. Nxe4 Bf5 5. Ng3 Bg6 6. Nf3 Nd7 7. h4 h6 8. Bf4 e6 9. Bc4 Ngf6 10. Ne5 Nxe5 11. Bxe5 Nd7 12. Bf4 Nb6 13. Bb3 Nd5 14. Bd2 Bd6 15. h5 Bh7 16. Qg4 Qc7 17. Ne4 Bf8 18. Qf3 0-0-0 19. 0-0-0 Be7 20. Kb1 Rhf8 21. Ka1 Qb6 22. Bc1 Nf6 23. Nc3 Bf5 24. Rh4 Nd5 25. Nxd5 cxd5 26. Rf4 Bg5 27. Rxf5 exf5 28. Bxd5 Bxc1 29. Qxf5+ Kb8 30. Rxc1 Qxd4 31. Bf3 Qd2 32. Rb1 f6 33. Qg4 Qd7 34. Qf4+ Qc7 35. Qb4 Rfe8 36. c4 Qb6 37. Qc3 Re5 38. Rc1 Qc5 39. Qb3 0-1

[Event "RUS-Cup10"]
[Site "Tomsk"]
[Date "1997.07.31"]
[Round "9"]
[White "Smirnov, Pavel"]
[Black "Rodionov, Alexander"]
[Result "1-0"]
[WhiteElo "2355"]
[BlackElo "2195"]
[PlyCount "89"]
[EventDate "1997.07.21"]
[EventType "swiss"]
[EventRounds "9"]
[EventCountry "RUS"]
[SourceTitle "EXT 2000"]
[Source "ChessBase"]
[SourceDate "1999.11.16"]
[SourceVersion "1"]
[SourceVersionDate "1999.11.16"]
[SourceQuality "1"]

1. e4 d5 2. exd5 Nf6 3. d4 Nxd5 4. c4 Nb6 5. Nf3 g6 6. Nc3 Bg7 7. c5 Nd5 8. Bc4 Nxc3 9. bxc3 0-0 10. 0-0 Nd7 11. Re1 Nf6 12. Qb3 c6 13. Bg5 Qc7 14. Rab1 e6 15. Bh4 Rd8 16. Bg3 Qd7 17. Ne5 Qe7 18. Bh4 Re8 19. Ng4 h5 20. Ne5 Qc7 21. Bxf6 Bxf6 22. f4 Rb8 23. Nxc6 Qxc6 24. Bb5 Bd7 25. Bxc6 Bxc6 26. Qa3 Kg7 27. Rb2 a6 28. Rb6 Bd5 29. Re5 Bxe5 30. fxe5 Rf8 31. Rd6 Rbc8 32. Qc1 Rc7 33. c4 Be4 34. Qf4 Bf5 35. h3 Rc6 36. Qg5 Bd3 37. Qf6+ Kg8 38. Qe7 Bxc4 39. Rd8 Rxd8 40. Qxd8+ Kg7 41. Qf6+ Kf8 42. Qh8+ Ke7 43. Qb8 Bd5 44. Qxb7+ Kf8 45. Qd7 1-0

[Event "RUS-Cup10"]
[Site "Tomsk"]
[Date "1997.07.21"]
[Round "1"]
[White "Lopushnoy, Denis"]
[Black "Rodionov, Alexander"]
[Result "1-0"]
[WhiteElo "2385"]
[BlackElo "2195"]
[PlyCount "73"]
[EventDate "1997.07.21"]
[EventType "swiss"]
[EventRounds "9"]
[EventCountry "RUS"]
[SourceTitle "EXT 2000"]
[Source "ChessBase"]
[SourceDate "1999.11.16"]
[SourceVersion "1"]
[SourceVersionDate "1999.11.16"]
[SourceQuality "1"]

1. Nf3 Nf6 2. g3 e6 3. c4 b6 4. Bg2 Bb7 5. 0-0 Be7 6. Nc3 0-0 7. d4 Ne4 8. Qc2 Nxc3 9. Qxc3 f5 10. Rd1 Bf6 11. Qb3 Qe8 12. d5 c5 13. dxc6 dxc6 14. c5 Nd7 15. cxb6 axb6 16. Rd6 Qe7 17. Bf4 Nc5 18. Qxb6 Ne4 19. Rdd1 Ba6 20. Ne5 Bxe2 21. Nxc6 Qc5 22. Qxc5 Nxc5 23. Re1 Bc4 24. Bd6 Nd3 25. Bxf8 Nxe1 26. Ne7+ Kxf8 27. Bxa8 Nd3 28. Nc6 Bxb2 29. Rd1 e5 30. a4 e4 31. a5 Ke8 32. Bb7 Kd7 33. a6 Bxa6 34. Nb8+ Kc7 35. Bxa6 Kxb8 36. Bxd3 exd3 37. Rb1 1-0